Cultura y trabajo en México : (Record no. 106964)

MARC details
000 -CABECERA
campo de control de longitud fija 00678nam a2200205 a 4500
005 - FECHA Y HORA DE LA ÚLTIMA TRANSACCIÓN
campo de control 20240419064026.0
008 - ELEMENTOS DE LONGITUD FIJA--INFORMACIÓN GENERAL
campo de control de longitud fija 040923s1998 mx r 000 0 spa d
020 ## - NÚMERO INTERNACIONAL NORMALIZADO PARA LIBROS
Número Internacional Estándar del Libro 9709059149
035 ## - NÚMERO DE CONTROL DEL SISTEMA
Número de control de sistema UPN01000134813
049 ## - COLECCIÓN
Colección CG
050 #4 - SIGNATURA TOPOGRÁFICA DE LA BIBLIOTECA DEL CONGRESO
Número de clasificación HD8114
Número de documento/Ítem C8.4
245 00 - MENCIÓN DE TÍTULO
Título Cultura y trabajo en México :
Resto del título estereotipos, prácticas y representaciones /
Mención de responsabilidad, etc. coord. Rocío Guadarrama Olivera.
260 ## - PUBLICACIÓN, DISTRIBUCIÓN, ETC.
Lugar de publicación, distribución, etc. México :
Nombre del editor, distribuidor, etc. Juan Pablos :
-- UAM-Iztapalapa,
Fecha de publicación, distribución, etc. 1998.
300 ## - DESCRIPCIÓN FÍSICA
Extensión 545 p.
440 #0 - MENCIÓN DE SERIE/ASIENTO SECUNDARIO--TÍTULO
Título CSH
650 #4 - ASIENTO SECUNDARIO DE MATERIA - TERMINO TEMATICO
Término de materia o nombre geográfico como elemento de entrada Trabajo y trabajadores
Subdivisión geográfica México
Subdivisión general Historia
9 (RLIN) 10850
650 #4 - ASIENTO SECUNDARIO DE MATERIA - TERMINO TEMATICO
Término de materia o nombre geográfico como elemento de entrada CLASE MEDIA -
Subdivisión geográfica MEXICO -
Subdivisión general HISTORIA
9 (RLIN) 10848
700 1# - ASIENTO SECUNDARIO--NOMBRE DE PERSONAL
Nombre de persona Guadarrama Olivera, Rocío,
Término indicativo de función/relación coord.
905 ## - TIPO DE MATERIAL
Tipo de material Libro
Holdings
Estado de retiro Estado de pérdida Fuente del sistema de clasificación o colocación Estado dañado No para préstamo Código de colección Localización permanente Ubicación/localización actual Ubicación en estantería Fecha de adquisición Total de préstamos Clasificación Código de barras Fecha visto por última vez Fecha del último préstamo Número de copia Tipo de ítem Koha
    Library of Congress Classification     Colección General Bib. Gregorio Torres Quintero Bib. Gregorio Torres Quintero Planta baja 01/02/2023 2 HD8114 C8.4 295293 17/02/2023 01/02/2023 1 Libro
    Library of Congress Classification     Colección General Bib. Gregorio Torres Quintero Bib. Gregorio Torres Quintero Planta baja   3 HD8114 C8.4 197231 01/10/2025 18/09/2025 1 Libro
    Library of Congress Classification     Colección General Bib. Gregorio Torres Quintero Bib. Gregorio Torres Quintero Planta baja   2 HD8114 C8.4 197233 31/12/2020   1 Libro